|
|
|
|
| LEADER |
00000nam0a2200000 4500 |
| 001 |
131569 |
| 005 |
20231101220319.0 |
| 035 |
|
|
|a (RuTPU)RU\TPU\book\142496
|
| 090 |
|
|
|a 131569
|
| 100 |
|
|
|a 20080219d1980 km y0rusy50 ca
|
| 101 |
0 |
|
|a rus
|
| 102 |
|
|
|a BY
|
| 105 |
|
|
|a a z 001zy
|
| 200 |
1 |
|
|a Критерии и паказатели эффективности производства предприятий
|f Г. И. Шадурская, В. Я. Хрипач
|g Академия наук Белорусской ССР, Институт экономики ; науч. ред. В. И. Клецкий
|
| 210 |
|
|
|a Минск
|c Наука и техника
|d 1980
|
| 215 |
|
|
|a 152 с.
|c табл.
|
| 320 |
|
|
|9 572
|a Библиография в ссылках
|
| 606 |
1 |
|
|a Экономическая эффективность промышленного производства
|x Оценка
|2 stltpush
|3 (RuTPU)RU\TPU\subj\26593
|9 50484
|
| 610 |
1 |
|
|a технико-экономические показатели
|
| 610 |
1 |
|
|a критерии
|
| 610 |
1 |
|
|a общественное производство
|
| 610 |
1 |
|
|a хозяйственная деятельность
|
| 610 |
1 |
|
|a оценка
|
| 610 |
1 |
|
|a производственные ресурсы
|
| 610 |
1 |
|
|a использование
|
| 610 |
1 |
|
|a статистический анализ
|
| 675 |
|
|
|a 658.011.46
|v 3
|
| 700 |
|
1 |
|a Шадурская
|b Г. И.
|g Галина Иосифовна
|
| 701 |
|
1 |
|a Хрипач
|b В. Я.
|g Виктор Яковлевич
|
| 702 |
|
1 |
|a Клецкий
|b В. И.
|4 340
|
| 712 |
0 |
2 |
|a Академия наук Белорусской ССР
|b Институт экономики
|c (Минск)
|2 stltpush
|3 (RuTPU)RU\TPU\col\11344
|9 25049
|
| 801 |
|
1 |
|a RU
|b 63413507
|c 20080219
|g PSBO
|
| 801 |
|
2 |
|a RU
|b 63413507
|c 20210426
|g PSBO
|
| 942 |
|
|
|c BK
|